Statistiche per Elenca la formazione - Quiz n°85

Clicka qui per fare il quiz!

Statistiche generali

  • Questo quiz è stato fatto 21 volte
  • Il punteggio medio è 9 su 11

Statistiche sulle risposte

RuoloNazioneCalciatore% Corretto
PortiereSvizzeraYann Sommer
100%
DifensorePaesi BassiMatthijs de Ligt
95%
CentrocampistaGermaniaJoshua Kimmich
90%
AlaFranciaKingsley Coman
90%
AlaGermaniaLeroy Sané
90%
TrequartistaGermaniaThomas Müller
90%
DifensoreFranciaBenjamin Pavard
86%
DifensoreFranciaDayot Upamecano
86%
DifensoreMaroccoNoussair Mazraoui
86%
AttaccanteGermaniaSerge Gnabry
71%
CentrocampistaPaesi BassiRyan Gravenberch
38%

Distribuzione punteggi

Percentile per numero di risposta

Percentuale di utenti per punteggio

I tuoi punteggi nel tempo

Non hai fatto questo quiz